History of Sweden - Statistics

General Stats
  • This quiz has been taken 80 times
  • The average score is 11 of 18
Answer Stats
Hint Answer % Correct
Norse people organizing plundering expeditions to the west Vikings
97%
pop group performing "Waterloo" ABBA
85%
the first king representing the above Gustav I
80%
the oldest university Uppsala University
80%
letters used by the above runes
79%
place where union with Denmark and Norway was established in 1397 Kalmar
74%
dynasty ruling between 1523 and 1654 Vasa
74%
king Sigismund was also the monarch of this country from 1587 Polish-Lithuanian Commonwealth
69%
author of books for children, including "The Brothers Lionheart" Astrid Lindgren
66%
queen who abdicated in 1654 Christina
61%
Secretary-General of the UN from 1953 to 1961 Dag Hammarskjöld
52%
director of "The Seventh Seal" Ingmar Bergman
51%
branch of Protestantism adopted in the 16th century Lutheranism
51%
the battle in which the above died Battle of Lützen
46%
first Christian king Olof Skötkonung
39%
17th century king called "the Lion of the North" Gustavus Adolphus
38%
Carribean island bought from France in 1784 (and sold back in 1878) Saint Barthélemy
38%
"father of modern taxonomy" Carl Linnaeus
23%
No matching quizzes found
Score Distribution
Percent of People with Each Score
Percentile by Number Answered
Your Score History
You have not taken this quiz